000
00310nam a22001217a 4500
999
_c
534355
_d
534355
040
_c
MSOHAIL
082
_a
891.4391
100
_a
Khwaja Meer Dard - خواجہ میر درد
_9
28493
245
_a
Deewan-e-Dard - دیوان درد
260
_a
Lahore
_b
Al-Faisal
_c
c2009
300
_a
212;p
942
_2
ddc
_c
BK